[Event "IECC Swiss email"]
[Site "IECC email"]
[Date "2001.04.04"]
[Round "?"]
[White "Parkes, Richard"]
[Black "Torwong, Peerapol"]
[Result "0-1"]
[WhiteElo "971"]
[BlackElo "1718"]
[PlyCount "64"]
[EventDate "2001.??.??"]
[EventType "tourn (corr)"]
[EventRounds "6"]
[SourceTitle "Corr 2008"]
[Source "ChessBase"]
[SourceDate "2008.06.24"]
[SourceVersion "1"]
[SourceVersionDate "2008.06.24"]
[SourceQuality "1"]

1. e4 e5 2. b3 Nf6 3. Nc3 Nc6 4. Nf3 Bc5 5. Qe2 Nd4 6. Nxd4 Bxd4 7. Qb5 Nxe4 8. Bd3 Nxc3 9. Qc4 d5 10. Qb4 Qh4 11. g3 Bxf2+ 12. Kxf2 Qxb4 13. dxc3 Qxc3 14. Be3 0-0 15. Rhf1 Bg4 16. Rad1 Bxd1 17. Rxd1 e4 18. Be2 c6 19. Rd2 Rad8 20. g4 Rfe8 21. Rd4 b5 22. a4 c5 23. Rd1 d4 24. Bg5 Rd6 25. Bd2 e3+ 26. Ke1 exd2+ 27. Rxd2 bxa4 28. bxa4 Rb6 29. Kf2 Qxd2 30. Kg3 Rxe2 31. g5 Qxg5+ 32. Kh3 Rh6# 0-1

[Event "IECC M email"]
[Site "IECC email"]
[Date "2001.03.25"]
[Round "?"]
[White "Badenhorst, Jack D"]
[Black "Parkes, Richard"]
[Result "1-0"]
[WhiteElo "871"]
[BlackElo "962"]
[PlyCount "81"]
[EventDate "2001.??.??"]
[EventType "tourn (corr)"]
[EventRounds "6"]
[SourceTitle "Corr 2008"]
[Source "ChessBase"]
[SourceDate "2008.06.24"]
[SourceVersion "1"]
[SourceVersionDate "2008.06.24"]
[SourceQuality "1"]

1. e4 e6 2. d4 b6 3. Nf3 Nc6 4. Nc3 Nf6 5. Bg5 h6 6. Bh4 Bb4 7. e5 Ne4 8. Bxd8 Kxd8 9. Qd3 Ng5 10. a3 Ba5 11. b4 Bxb4 12. Nxg5 Ba6 13. Qh3 Bxc3+ 14. Kd1 Bxa1 15. Nxf7+ Ke7 16. Nxh8 Rxh8 17. Bxa6 Nxd4 18. c3 Nb3 19. Kc2 Nc5 20. Rxa1 Nxa6 21. f4 Rf8 22. Qf3 c5 23. g3 b5 24. Rd1 d5 25. h4 b4 26. cxb4 cxb4 27. axb4 Rc8+ 28. Kb3 Rb8 29. Rd4 Nc5+ 30. Ka3 Na6 31. Qc3 g5 32. f5 exf5 33. Rxd5 Rb7 34. Rd4 Nc7 35. Qc5+ Kf7 36. Rd7+ Kg6 37. Qc6+ Kh5 38. Qxb7 Ne6 39. Rd6 Nf8 40. Qf3+ g4 41. Qxf5# 1-0

[Event "IECC M email"]
[Site "IECC email"]
[Date "2001.03.25"]
[Round "?"]
[White "Parkes, Richard"]
[Black "Badenhorst, Jack D"]
[Result "0-1"]
[WhiteElo "1000"]
[BlackElo "872"]
[PlyCount "62"]
[EventDate "2001.??.??"]
[EventType "tourn (corr)"]
[EventRounds "6"]
[SourceTitle "Corr 2008"]
[Source "ChessBase"]
[SourceDate "2008.06.24"]
[SourceVersion "1"]
[SourceVersionDate "2008.06.24"]
[SourceQuality "1"]

1. e4 e6 2. b3 b6 3. d3 Bb7 4. Nh3 Nc6 5. Bg5 Be7 6. Bxe7 Ngxe7 7. c3 0-0 8. Ng5 Ng6 9. Qh5 h6 10. Nh3 d5 11. Nd2 Qd6 12. b4 Nce5 13. d4 Nc4 14. exd5 Bxd5 15. Bxc4 Bxg2 16. Rg1 Qxh2 17. Rxg2 Qxg2 18. Qf3 Qh2 19. Ne4 Nh4 20. Qf4 Ng2+ 21. Kd1 Nxf4 22. Nxf4 Qh1+ 23. Kd2 Qxa1 24. d5 Rad8 25. Ne2 exd5 26. Nc1 dxc4+ 27. Kc2 Rfe8 28. Nd2 Rxd2+ 29. Kxd2 Qb2+ 30. Kd1 Qxf2 31. a4 Re1# 0-1